000 00486nam a2200193Ia 4500
005 20240823051512.0
008 240823s9999||||xx |||||||||||||| ||und||
020 _a0-325-00590-7
041 _aENGLISH
082 _A810-71273 P7
100 _aCarol Jago
245 0 _aClassics in the Class:Designing Accessible Literature Lessons
250 _aIst
260 _c2007
_b"Heinemann,L"
500 _aYES
650 _aEnglish Literature
_bEnglish
942 _cBK
999 _c219732
_d219732